House of Lords urges government to publish Disability Bill (Record no. 73688)
[ view plain ]
| 000 -LEADER | |
|---|---|
| fixed length control field | 01154cam a2200217 4500 |
| 001 - CONTROL NUMBER | |
| control field | WB3941-13 |
| 008 - FIXED-LENGTH DATA ELEMENTS--GENERAL INFORMATION | |
| fixed length control field | 031029n2003 000 0 eng u |
| 035 ## - SYSTEM CONTROL NUMBER | |
| System control number | (Sirsi) u124152 |
| 245 ## - TITLE STATEMENT | |
| Title | House of Lords urges government to publish Disability Bill |
| 260 ## - PUBLICATION, DISTRIBUTION, ETC. | |
| Date of publication, distribution, etc. | 2003 |
| 490 ## - SERIES STATEMENT | |
| Series statement | RICS Building Surveying Faculty News |
| Volume/sequential designation | 27 October 2003 (1) |
| 520 ## - SUMMARY, ETC. | |
| Summary, etc. | The Disability Rights Commission (DRC) is carrying out a consultation on two new codes of practice on employment and occupation and trade organisations and qualifications bodies. The new draft Codes reflect changes to the employment requirements of the Disability Discrimination Act 1995. Further details of the consultation are available on the DRC website http://www.drc.org.uk/campaigns/consultation.asp. http://www.rics.org/ricscms/bin/show?class=News&template=/includes/shownews.html&id=7395&faculty=Building Surveying&faculty=All Faculties |
| 590 ## - LOCAL NOTE (RLIN) | |
| Local note | WB |
| 650 ## - SUBJECT ADDED ENTRY--TOPICAL TERM | |
| Topical term or geographic name entry element | DISABILITY RIGHTS COMMISSION |
| 650 ## - SUBJECT ADDED ENTRY--TOPICAL TERM | |
| Topical term or geographic name entry element | EMPLOYMENT RIGHTS |
| 650 ## - SUBJECT ADDED ENTRY--TOPICAL TERM | |
| Topical term or geographic name entry element | CODE OF PRACTICE |
| 650 ## - SUBJECT ADDED ENTRY--TOPICAL TERM | |
| Topical term or geographic name entry element | DISABILITY DISCRIMINATION ACT 1995 |
| 650 ## - SUBJECT ADDED ENTRY--TOPICAL TERM | |
| Topical term or geographic name entry element | CONSULTATION PAPERS |
| 690 ## - LOCAL SUBJECT ADDED ENTRY--TOPICAL TERM (OCLC, RLIN) | |
| Topical term or geographic name as entry element | LAW-UK |
| 942 ## - ADDED ENTRY ELEMENTS (KOHA) | |
| Suppress in OPAC | 0 |
| Withdrawn status | Lost status | Source of classification or shelving scheme | Damaged status | Not for loan | Home library | Current library | Shelving location | Date acquired | Total Checkouts | Full call number | Barcode | Date last seen | Copy number | Price effective from | Koha item type |
|---|---|---|---|---|---|---|---|---|---|---|---|---|---|---|---|
| Dewey Decimal Classification | London | London | News article | 29/10/2003 | WB3941-13 | 124152-1001 | 06/08/2019 | 1 | 06/08/2019 | News article |